| 000 | 00744nam a2200241 a 4500 | ||
|---|---|---|---|
| 999 |
_c1186 _d1186 |
||
| 008 | 191206s2012 ii a|||g |||| 001 0 eng d | ||
| 020 |
_a9788132108733 _cRs. 495.00 |
||
| 040 |
_aKO _beng |
||
| 041 | 0 | _aeng | |
| 044 | _aii | ||
| 082 | 0 | 4 |
_223 _a658.406 _bC3174 |
| 100 | 1 | _aCawsey, Tupper F. | |
| 245 | 1 | 0 |
_aOrganizational Change : _ban action-oriented toolkit / _cTupper F. Cawsey, Gene Deszca and Cynthia Ingols |
| 260 |
_aNew Delhi : _bSAGE Publications India Pvt. Ltd. , _c2012. |
||
| 300 |
_axv, 492 p. : _bill. ; _c24 cm. |
||
| 504 | _aIncludes Index. | ||
| 650 | 0 |
_aOrganizational change _xManagement _vTextbooks |
|
| 700 |
_aDeszca, Gene _eaut |
||
| 700 |
_aIngols, Cynthia _eaut |
||
| 904 | _aA_BOSE | ||
| 942 | _cBK | ||